Statistiche per Capitali sul fiume

Clicka qui per fare il quiz!

Statistiche generali

  • Questo quiz è stato fatto 169 volte
  • Il punteggio medio è 11 su 20

Statistiche sulle risposte

FiumeCittà capitali% Corretto
TevereRoma
99%
TamigiLondra
94%
SennaParigi
86%
NiloIl Cairo / Giuba / Khartum
84%
DanubioBelgrado / Bratislava /
Budapest / Vienna
83%
TigriBaghdad
68%
DnieprKiev
63%
CongoBrazzaville / Kinshasa
61%
TagoLisbona
58%
VistolaVarsavia
53%
PotomacWashington
46%
AmstelAmsterdam
45%
MoldavaPraga
37%
MekongPhnom Penh / Vientiane
36%
NigerBamako / Niamey
34%
LiffeyDublino
32%
ManzanarreMadrid
28%
SpreaBerlino
25%
HanSeul
23%
SumidaTokyo
10%

Distribuzione punteggi

Percentile per numero di risposta

Percentuale di utenti per punteggio

I tuoi punteggi nel tempo

Non hai fatto questo quiz